000 00560nam a2200205Ia 4500
005 20241129111330.0
008 241129s9999||||xx |||||||||||||| ||und||
037 _aTB
040 _aCRL
_beng
_cCRL
041 _aara
_2ara
084 _aQ7v 28Q4
_qCRL
100 _aSakia Mustafa Au.
_9724107
245 0 _aAl-adab al-undaleesi
_cSakia Mustafa Au.
260 _aBeirut, Lebanon
_bDarul ilm al-millaein
_c2014
300 _a720p.
365 _aINR
_b2888
650 _aIslamReligion
_9726305
942 _cTB
_hQ7v 28Q4
999 _c1229968
_d1229968